|
|
|
|
| LEADER |
00607cam a2200217 a 4500 |
| 001 |
0000141153 |
| 005 |
20141202090000.0 |
| 040 |
|
|
|a mod
|
| 041 |
|
|
|a eng
|
| 020 |
0 |
0 |
|a 9781743565049
|
| 090 |
0 |
0 |
|a F
|b PER
|e 2013
|
| 100 |
1 |
0 |
|a Perrin
|h Kayla
|
| 245 |
1 |
0 |
|a Obsession
|c Kayla Perrin
|
| 250 |
0 |
0 |
|a 1st Australian pbk. ed
|
| 260 |
0 |
0 |
|a North Sydney, NSW
|b Harlequin Spice
|c 2013
|
| 300 |
0 |
0 |
|a 351 p.
|c 20 cm
|
| 650 |
0 |
0 |
|a Marriage
|x Fiction
|
| 650 |
0 |
0 |
|a Adultery
|x Fiction
|
| 650 |
0 |
0 |
|a African Americans
|x Fiction
|
| 852 |
0 |
0 |
|a 01
|
| 999 |
|
|
|a 0297626
|b KEMENTAH
|d BOOKS
|e Fiksyen (F)
|f Perpustakaan KEMENTAH
|j AVAILABLE
|q GOOD CONDITION
|